[Event "Ïåðâåíñòâà Ìîñêâû"]
[Site "ÐœÐ¾Ñ�ÐºÐ²Ð°, ÐœÐ“Ð˜ÐœÐž Ð¿Ñ€."]
[Date "2018.11.18"]
[Round "1.1"]
[White "Âàñèëüåâ À"]
[Black "Ãóáàíîâ Ò"]
[Result "1-0"]
[WhiteElo "1995"]
[BlackElo "1666"]
[PlyCount "51"]
[EventDate "2018.11.18"]

1. e4 e5 2. Nf3 Nc6 3. Bb5 Nf6 4. d3 d6 5. O-O Be7 6. c3 O-O 7. h3 a6 8. Ba4 b5
9. Bc2 Nb8 10. Re1 Nbd7 11. Nbd2 Bb7 12. Nf1 Re8 13. Ng3 g6 14. d4 Bf8 15. dxe5
Nxe5 16. Nxe5 dxe5 17. Qf3 Kg7 18. Bg5 h6 19. Bh4 Bd6 20. Re3 Bc8 21. Bb3 c5
22. Bxf6+ Qxf6 23. Qxf6+ Kxf6 24. Rf3+ Kg5 25. Bxf7 Rf8 26. Nf1 1-0

[Event "Ïåðâåíñòâà Ìîñêâû"]
[Site "ÐœÐ¾Ñ�ÐºÐ²Ð°, ÐœÐ“Ð˜ÐœÐž Ð¿Ñ€."]
[Date "2018.11.18"]
[Round "1.2"]
[White "Áîãåð Þ"]
[Black "Ìèøóðèñ Ì"]
[Result "0-1"]
[WhiteElo "1672"]
[BlackElo "1997"]
[PlyCount "78"]
[EventDate "2018.11.18"]

1. e4 c5 2. Ne2 e6 3. d3 Nc6 4. g3 Nf6 5. Bg2 d5 6. exd5 Nxd5 7. Nbc3 Nxc3 8.
bxc3 e5 9. O-O Bd6 10. Rb1 Qa5 11. f4 O-O 12. f5 f6 13. Bd5+ Kh8 14. g4 Ne7 15.
Bb3 b5 16. Be3 Bb7 17. Qd2 Rad8 18. Be6 Bd5 19. g5 Bxe6 20. fxe6 f5 21. Rb3 f4
22. Bf2 c4 23. dxc4 bxc4 24. Rb7 e4 25. h4 Qf5 26. Rd7 Qg4+ 27. Bg3 Bc5+ 28.
Kg2 f3+ 29. Kh2 fxe2 30. Rf4 e1=Q 31. Rxf8+ Rxf8 32. Qxe1 Qxe6 33. Rc7 Bd6 34.
Rxa7 Nf5 35. Bxd6 Qxd6+ 36. Kh3 Qf4 37. a4 Qf3+ 38. Kh2 Ne3 39. Qg1 Nf1+ 0-1

[Event "Ïåðâåíñòâà Ìîñêâû"]
[Site "ÐœÐ¾Ñ�ÐºÐ²Ð°, ÐœÐ“Ð˜ÐœÐž Ð¿Ñ€."]
[Date "2018.11.18"]
[Round "1.3"]
[White "Ëåâêèí Ë"]
[Black "Çàéöåâ Þ"]
[Result "1-0"]
[WhiteElo "1952"]
[BlackElo "1544"]
[PlyCount "75"]
[EventDate "2018.11.18"]

1. Nf3 Nf6 2. d4 g6 3. Nbd2 Bg7 4. e4 d6 5. Bd3 O-O 6. O-O c5 7. c3 cxd4 8.
cxd4 Nc6 9. a3 Ne8 10. Nb3 Bg4 11. Be2 Qb6 12. Be3 Nf6 13. d5 Qd8 14. dxc6 bxc6
15. Qc2 Rb8 16. Bxa7 Rb7 17. Bd4 Qb8 18. Na5 Rc7 19. b4 Be6 20. Nxc6 Qc8 21. b5
Bg4 22. a4 Bxf3 23. Bxf3 e5 24. Bb6 Re8 25. Bxc7 Qxc7 26. Rfb1 d5 27. b6 Qd6
28. Rd1 d4 29. a5 Nd7 30. Be2 Nc5 31. Nb4 Rd8 32. Nd5 f5 33. f3 fxe4 34. fxe4
Bh6 35. a6 Qc6 36. Ne7+ Kh8 37. Nxc6 Be3+ 38. Kh1 1-0

[Event "Ïåðâåíñòâà Ìîñêâû"]
[Site "ÐœÐ¾Ñ�ÐºÐ²Ð°, ÐœÐ“Ð˜ÐœÐž Ð¿Ñ€."]
[Date "2018.11.18"]
[Round "1.4"]
[White "Ñàéêèí È"]
[Black "Òèòêîâ À"]
[Result "1/2-1/2"]
[WhiteElo "1657"]
[BlackElo "1922"]
[PlyCount "90"]
[EventDate "2018.11.18"]

1. c4 Nf6 2. g3 g6 3. Bg2 Bg7 4. Nc3 O-O 5. e4 c6 6. Nge2 d6 7. O-O Qc7 8. d4
Nbd7 9. b3 e5 10. d5 Ne8 11. Ba3 a6 12. Rc1 Rb8 13. Qd3 c5 14. b4 cxb4 15. Bxb4
Nc5 16. Bxc5 dxc5 17. Rfd1 Nd6 18. Rb1 Bd7 19. a4 f5 20. f4 fxe4 21. Bxe4 exf4
22. gxf4 Bxc3 23. Nxc3 Nxe4 24. Qxe4 Qxf4 25. Qxf4 Rxf4 26. Re1 Rxc4 27. Ne4
Rxe4 28. Rxe4 Bf5 29. Ree1 Bxb1 30. Rxb1 Kf7 31. Rb6 Ke7 32. Kf2 Kd7 33. Ke3
Kc7 34. a5 Rd8 35. Ke4 Re8+ 36. Kd3 Re1 37. d6+ Kd7 38. Kc4 Re5 39. Rxb7+ Kxd6
40. Rb6+ Kc7 41. Rxa6 Rh5 42. Ra7+ Kc6 43. Ra6+ Kb7 44. Rb6+ Kc7 45. Rb2 Rh4+
1/2-1/2

[Event "Ïåðâåíñòâà Ìîñêâû"]
[Site "ÐœÐ¾Ñ�ÐºÐ²Ð°, ÐœÐ“Ð˜ÐœÐž Ð¿Ñ€."]
[Date "2018.11.18"]
[Round "1.5"]
[White "Êèì À"]
[Black "Áàãäàñàðÿí Ð"]
[Result "1-0"]
[WhiteElo "1913"]
[BlackElo "1413"]
[PlyCount "71"]
[EventDate "2018.11.18"]

1. d4 d5 2. c4 c6 3. Nc3 Nf6 4. Nf3 Bf5 5. cxd5 cxd5 6. Qb3 b6 7. Bf4 e6 8. e3
a6 9. Bxb8 Qxb8 10. Bxa6 Be7 11. Bb5+ Kf8 12. O-O g6 13. Rfc1 Kg7 14. a4 Rc8
15. h3 h5 16. Na2 Ne4 17. Rxc8 Qxc8 18. Rc1 Qd8 19. Nb4 Bxb4 20. Qxb4 f6 21.
Nh4 g5 22. Nxf5+ exf5 23. Rc6 Rc8 24. Rxc8 Qxc8 25. Qe7+ Kh8 26. Qe8+ Qxe8 27.
Bxe8 h4 28. Bc6 Kg7 29. Bxd5 Nd6 30. b4 Nc8 31. a5 bxa5 32. bxa5 Na7 33. a6 Kf8
34. Kf1 Ke7 35. Ke2 Kd6 36. Bb7 1-0

[Event "Ïåðâåíñòâà Ìîñêâû"]
[Site "ÐœÐ¾Ñ�ÐºÐ²Ð°, ÐœÐ“Ð˜ÐœÐž Ð¿Ñ€."]
[Date "2018.11.18"]
[Round "1.6"]
[White "Êèðååâ È"]
[Black "Ñîëîâüåâ Â"]
[Result "0-1"]
[WhiteElo "1675"]
[BlackElo "1919"]
[PlyCount "78"]
[EventDate "2018.11.18"]

1. e4 g6 2. Nf3 Bg7 3. d4 d6 4. Be3 a6 5. Nc3 Nd7 6. Qd2 b5 7. O-O-O Bb7 8. d5
Ngf6 9. Bd3 b4 10. Ne2 c5 11. dxc6 Bxc6 12. Ned4 Bxe4 13. Bh6 O-O 14. Bxg7 Kxg7
15. Ng5 Nc5 16. f3 Nxd3+ 17. cxd3 Bd5 18. Kb1 Qa5 19. b3 Qc5 20. Qf4 e5 21.
Nf5+ gxf5 22. Qg3 Kh8 23. Qh4 Rg8 24. g4 Qe3 25. Nxf7+ Bxf7 26. Qxf6+ Rg7 27.
gxf5 Qg5 28. Qxd6 Qxf5 29. Rhe1 Qxf3 30. Rf1 Qd5 31. Qxb4 Bg6 32. Rf8+ Rg8 33.
Rf6 Rad8 34. Qe7 Bxd3+ 35. Kb2 Qg2+ 36. Ka3 Rde8 37. Qd6 e4 38. Rf7 Qg5 39. Rg1
Qxg1 0-1

[Event "Ïåðâåíñòâà Ìîñêâû"]
[Site "ÐœÐ¾Ñ�ÐºÐ²Ð°, ÐœÐ“Ð˜ÐœÐž Ð¿Ñ€."]
[Date "2018.11.18"]
[Round "1.7"]
[White "Çóðàáÿí Â"]
[Black "Êàðëîâ Å"]
[Result "0-1"]
[WhiteElo "1905"]
[BlackElo "1685"]
[PlyCount "148"]
[EventDate "2018.11.18"]

1. e4 e6 2. d4 d5 3. Nd2 c5 4. exd5 Qxd5 5. Ngf3 cxd4 6. Bc4 Qd8 7. O-O Nf6 8.
Nb3 Nc6 9. Qe2 Be7 10. Rd1 O-O 11. Nbxd4 Nxd4 12. Rxd4 Qc7 13. Bf4 Qb6 14. c3
Bc5 15. Rd2 Bd7 16. b4 Be7 17. a4 Qc6 18. Ne5 Qc8 19. Nxd7 Nxd7 20. Rc1 Nb6 21.
Bd3 Nd5 22. Qh5 f5 23. Be5 Nxb4 24. Bb5 Nc6 25. Bxc6 Qxc6 26. Rd3 Bf6 27. Bxf6
Rxf6 28. Rcd1 Rf7 29. Qg5 Qxa4 30. Rd8+ Rxd8 31. Qxd8+ Rf8 32. Qd7 Qxd7 33.
Rxd7 Rc8 34. Rxb7 Rxc3 35. f4 Rc4 36. g3 a5 37. Ra7 a4 38. Kf2 h6 39. h4 Rc2+
40. Ke3 Rc3+ 41. Ke2 a3 42. h5 Rc2+ 43. Ke3 a2 44. Kd4 Re2 45. Kc5 Rd2 46. Kc6
Rd3 47. Rxa2 Rxg3 48. Ra7 Rf3 49. Kd6 Rxf4 50. Kxe6 Rh4 51. Kxf5 Rxh5+ 52. Kg4
Rg5+ 53. Kh4 Kh7 54. Ra6 Rg6 55. Ra7 Re6 56. Kh5 Re5+ 57. Kg4 Rb5 58. Ra6 Rg5+
59. Kh4 Rg6 60. Ra7 Rd6 61. Kh5 Rd5+ 62. Kh4 Kg6 63. Ra6+ Kf7 64. Ra7+ Kf6 65.
Ra6+ Ke7 66. Rg6 Kf7 67. Ra6 Re5 68. Ra7+ Re7 69. Ra6 Re6 70. Ra1 g6 71. Rf1+
Kg7 72. Ra1 Re4+ 73. Kg3 Kf6 74. Ra5 h5 0-1

[Event "Ïåðâåíñòâà Ìîñêâû"]
[Site "ÐœÐ¾Ñ�ÐºÐ²Ð°, ÐœÐ“Ð˜ÐœÐž Ð¿Ñ€."]
[Date "2018.11.18"]
[Round "1.8"]
[White "Ðàòàòàåâ È"]
[Black "Òàðàñîâ Ä"]
[Result "1/2-1/2"]
[WhiteElo "1425"]
[BlackElo "1852"]
[PlyCount "102"]
[EventDate "2018.11.18"]

1. e4 c5 2. c3 Nf6 3. e5 Nd5 4. Nf3 e6 5. d4 cxd4 6. cxd4 Nc6 7. Nc3 Nxc3 8.
bxc3 d6 9. Bb5 a6 10. Bxc6+ bxc6 11. Ba3 d5 12. Bxf8 Kxf8 13. O-O g6 14. Qc2
Kg7 15. a4 a5 16. Nd2 c5 17. Nb3 cxd4 18. cxd4 Ba6 19. Rfb1 Qh4 20. Qd2 Bc4 21.
Nxa5 Rac8 22. Nxc4 dxc4 23. Rb4 Rc6 24. Rc1 Rhc8 25. Qc3 Qe4 26. f3 Qd5 27. Rb5
Qd7 28. Rb4 Qa7 29. Kf2 Rd8 30. Ke3 Rd5 31. f4 Ra5 32. Rxc4 Rxc4 33. Qxc4 Rxa4
34. Qc5 Ra3+ 35. Kf2 Ra2+ 36. Kg1 Qb7 37. Qc6 Qb2 38. Rd1 Qf2+ 39. Kh1 Qxd4 40.
Qf3 Ra1 41. Rf1 Ra2 42. h3 h5 43. h4 Rd2 44. Kh2 Rd3 45. Qf2 Qe4 46. Re1 Qd5
47. Re3 Rd4 48. g3 Rd2 49. Re2 Rd3 50. Qg2 Rd1 51. Rf2 Qd4 {çàïèñü íå ÿñíà}
1/2-1/2

[Event "Ïåðâåíñòâà Ìîñêâû"]
[Site "ÐœÐ¾Ñ�ÐºÐ²Ð°, ÐœÐ“Ð˜ÐœÐž Ð¿Ñ€."]
[Date "2018.11.18"]
[Round "1.9"]
[White "Ëàðè÷åâ Ï"]
[Black "Ìàêøàíîâ Ì"]
[Result "0-1"]
[WhiteElo "1848"]
[BlackElo "1555"]
[PlyCount "66"]
[EventDate "2018.11.18"]

1. e4 e5 2. Nf3 Nc6 3. Bb5 a6 4. Bxc6 dxc6 5. O-O Bg4 6. h3 Bh5 7. g4 Bg6 8.
Nxe5 Ne7 9. d3 f6 10. Nxg6 hxg6 11. Qf3 Qd7 12. Re1 O-O-O 13. Nc3 g5 14. a4 Ng6
15. Be3 Bd6 16. d4 Rh7 17. e5 fxe5 18. Ne4 Rf8 19. Qh1 exd4 20. Bxd4 Nf4 21.
Re3 Nxh3+ 22. Kf1 Nxf2 23. Qxh7 Nxe4+ 24. Ke2 Rf2+ 25. Ke1 Qxg4 26. Qh8+ Rf8
27. Qh1 Bg3+ 28. Rxg3 Nxg3 29. Qg2 Re8+ 30. Kf2 Re2+ 31. Kg1 Qxd4+ 32. Kh2 Qh4+
33. Kg1 Rxg2+ 0-1

[Event "Ïåðâåíñòâà Ìîñêâû"]
[Site "ÐœÐ¾Ñ�ÐºÐ²Ð°, ÐœÐ“Ð˜ÐœÐž Ð¿Ñ€."]
[Date "2018.11.18"]
[Round "1.10"]
[White "Î÷èðîâ Ë"]
[Black "Êíÿçåâ À"]
[Result "0-1"]
[WhiteElo "1661"]
[BlackElo "1829"]
[PlyCount "88"]
[EventDate "2018.11.18"]

1. d4 d5 2. Nf3 e6 3. Bf4 Nf6 4. e3 Nbd7 5. c4 c6 6. Nc3 Be7 7. Be2 O-O 8. h3
b6 9. O-O Bb7 10. Ne5 c5 11. Bf3 Nxe5 12. Bxe5 Ba6 13. Nb5 Bxb5 14. cxb5 a6 15.
bxa6 Rxa6 16. Be2 c4 17. b3 b5 18. a4 Ne4 19. axb5 Rxa1 20. Qxa1 Nd2 21. Rd1
Nxb3 22. Qa7 Bd6 23. e4 Qb8 24. Qa4 Bxe5 25. dxe5 Nc5 26. Qb4 Nxe4 27. f4 Qb6+
28. Kh2 Qe3 29. Bf3 Qxf4+ 30. Kg1 Qxe5 31. Bxe4 Qxe4 32. b6 Rb8 33. b7 Qe3+ 34.
Kh1 h6 35. Ra1 c3 36. Qa5 c2 37. Qc7 Rxb7 38. Qc8+ Kh7 39. Qxb7 c1=Q+ 40. Rxc1
Qxc1+ 41. Kh2 Qf4+ 42. Kh1 d4 43. Qd7 Qf1+ 44. Kh2 d3 0-1

[Event "Ïåðâåíñòâà Ìîñêâû"]
[Site "ÐœÐ¾Ñ�ÐºÐ²Ð°, ÐœÐ“Ð˜ÐœÐž Ð¿Ñ€."]
[Date "2018.11.18"]
[Round "1.11"]
[White "Èâàíîâ À"]
[Black "Êàëèòà Ä"]
[Result "1-0"]
[WhiteElo "1850"]
[BlackElo "1597"]
[PlyCount "69"]
[EventDate "2018.11.18"]

1. e4 c5 2. Nf3 Nc6 3. d4 cxd4 4. Nxd4 d6 5. Nc3 g6 6. Be3 Bg7 7. f3 Nf6 8. Qd2
Bd7 9. g4 Rc8 10. h4 h5 11. g5 Nh7 12. O-O-O Ne5 13. Kb1 a6 14. Be2 Qa5 15. Nb3
Qd8 16. Nd5 Nc4 17. Bxc4 Rxc4 18. Na5 Ra4 19. Bb6 Qc8 20. b3 Ra3 21. Nc4 Ra4
22. Nc7+ Kf8 23. bxa4 Be6 24. Ne3 Qd7 25. Qb4 Qc6 26. Ncd5 f6 27. Nxe7 Kxe7 28.
Rxd6 Qxd6 29. Bc5 fxg5 30. Bxd6+ Kf7 31. Qxb7+ Kg8 32. Nd5 Nf6 33. Ne7+ Kh7 34.
hxg5 Nd7 35. Rxh5+ 1-0

[Event "Ïåðâåíñòâà Ìîñêâû"]
[Site "ÐœÐ¾Ñ�ÐºÐ²Ð°, ÐœÐ“Ð˜ÐœÐž Ð¿Ñ€."]
[Date "2018.11.18"]
[Round "1.12"]
[White "Êîçëîâ Ê"]
[Black "Ãåðàñèìîâ Â"]
[Result "0-1"]
[WhiteElo "1559"]
[BlackElo "1836"]
[PlyCount "52"]
[EventDate "2018.11.18"]

1. d4 d5 2. Nf3 Nf6 3. g3 c6 4. Bg2 Bf5 5. O-O h6 6. Nbd2 e6 7. c4 Nbd7 8. b3
Be7 9. Bb2 O-O 10. Ne5 Qa5 11. Nxd7 Nxd7 12. e4 dxe4 13. Nxe4 Rfd8 14. Qe2 Nf6
15. Rfd1 Bg6 16. Bc3 Qb6 17. d5 Bxe4 18. Bxe4 cxd5 19. cxd5 exd5 20. Bg2 Rd7
21. Rac1 Ba3 22. Rc2 d4 23. Rcd2 Re7 24. Bxd4 Rxe2 25. Bxb6 Rxd2 26. Rxd2 axb6
0-1

[Event "Ïåðâåíñòâà Ìîñêâû"]
[Site "ÐœÐ¾Ñ�ÐºÐ²Ð°, ÐœÐ“Ð˜ÐœÐž Ð¿Ñ€."]
[Date "2018.11.18"]
[Round "1.13"]
[White "Êèðþøèí È "]
[Black "Íàáàòÿí Ì"]
[Result "1-0"]
[WhiteElo "1801"]
[BlackElo "1206"]
[PlyCount "91"]
[EventDate "2018.11.18"]

1. e4 c5 2. Nf3 d6 3. d4 cxd4 4. Nxd4 Nf6 5. Nc3 a6 6. Nb3 g6 7. Be2 Bg7 8. Be3
b5 9. a4 bxa4 10. Rxa4 Nc6 11. Nd5 Nxd5 12. exd5 Nb8 13. Bd4 O-O 14. Bxg7 Kxg7
15. Qd4+ Kg8 16. O-O Bd7 17. Ra3 a5 18. Rfa1 a4 19. Nd2 Na6 20. Bxa6 Rxa6 21.
b3 Qc7 22. c3 Rfa8 23. bxa4 Qa7 24. Qxa7 R6xa7 25. a5 e6 26. c4 f5 27. Nb3 Rc7
28. Rc1 Rac8 29. dxe6 Bxe6 30. a6 Bxc4 31. a7 Ra8 32. Nd2 d5 33. Raa1 Kf7 34.
f4 Ke6 35. Kf2 Kd6 36. Ke3 Kc5 37. Ra5+ Kd6 38. Kd4 Re7 39. Ra3 Re2 40. Nxc4+
dxc4 41. Rb1 Kc7 42. Kxc4 Re4+ 43. Kc5 Rxf4 44. Ra6 Rf2 45. Rc6+ Kd7 46. Rb7+
1-0

[Event "Ïåðâåíñòâà Ìîñêâû"]
[Site "ÐœÐ¾Ñ�ÐºÐ²Ð°, ÐœÐ“Ð˜ÐœÐž Ð¿Ñ€."]
[Date "2018.11.18"]
[Round "1.14"]
[White "Ôåäîðîâ Ã"]
[Black "Òèìîôååâ Ë"]
[Result "0-1"]
[WhiteElo "1313"]
[BlackElo "1802"]
[PlyCount "70"]
[EventDate "2018.11.18"]

1. d4 Nf6 2. c4 g6 3. Nc3 Bg7 4. e4 d6 5. f3 O-O 6. Be3 Nc6 7. Qd2 a6 8. d5 Ne5
9. Bh6 Bxh6 10. Qxh6 Rb8 11. h4 b5 12. cxb5 axb5 13. Nh3 Bxh3 14. Rxh3 Qd7 15.
g4 c5 16. h5 c4 17. hxg6 fxg6 18. Ne2 Nd3+ 19. Kd2 Qa7 20. Ng3 Rf7 21. Bxd3
cxd3 22. Kxd3 Rc8 23. Qg5 Qf2 24. Ne2 Nd7 25. Kd2 Ne5 26. Qh6 Nxf3+ 27. Kd3
Ne5+ 28. Kd2 Nc4+ 29. Kd3 Rf3+ 30. Rxf3 Qxf3+ 31. Kc2 Qxe2+ 32. Kc3 Nxb2+ 33.
Kb4 Qc4+ 34. Ka5 Qa4+ 35. Kb6 Nc4+ 0-1

[Event "Ïåðâåíñòâà Ìîñêâû"]
[Site "ÐœÐ¾Ñ�ÐºÐ²Ð°, ÐœÐ“Ð˜ÐœÐž Ð¿Ñ€."]
[Date "2018.11.18"]
[Round "1.15"]
[White "Çàãîðñêèé À"]
[Black "Ïàíüêèí Ï"]
[Result "1-0"]
[WhiteElo "1746"]
[BlackElo "1497"]
[PlyCount "47"]
[EventDate "2018.11.18"]

1. e4 e5 2. d4 exd4 3. Qxd4 Nc6 4. Qe3 Nf6 5. Bd2 Bb4 6. a3 Bxd2+ 7. Nxd2 O-O
8. O-O-O Re8 9. f4 d6 10. h3 Qe7 11. Bd3 Bf5 12. Re1 d5 13. e5 Bxd3 14. Qxd3
Rad8 15. g4 d4 16. Ngf3 Nd5 17. Qe4 Qc5 18. Nb3 Qb6 19. h4 a5 20. Ng5 a4 21.
Qxh7+ Kf8 22. Qh8+ Ke7 23. Qxg7 Kd7 24. e6+ 1-0

[Event "Ïåðâåíñòâà Ìîñêâû"]
[Site "ÐœÐ¾Ñ�ÐºÐ²Ð°, ÐœÐ“Ð˜ÐœÐž Ð¿Ñ€."]
[Date "2018.11.18"]
[Round "1.16"]
[White "Ñåäíåâ À"]
[Black "Êóðóñü À"]
[Result "0-1"]
[WhiteElo "1293"]
[BlackElo "1800"]
[PlyCount "116"]
[EventDate "2018.11.18"]

1. e4 e5 2. Nf3 Nf6 3. Nxe5 d6 4. Nf3 Nxe4 5. Nc3 Nf6 6. d4 d5 7. Bd3 Be7 8.
O-O O-O 9. Bg5 h6 10. Bf4 Be6 11. Nb5 Na6 12. Ne5 c6 13. Nc3 c5 14. Bxa6 bxa6
15. dxc5 Bxc5 16. Na4 Bb6 17. Nxb6 axb6 18. Qe2 b5 19. Rfd1 Rc8 20. a4 Qb6 21.
axb5 axb5 22. Rdc1 Rfe8 23. Ra3 Qd4 24. Qd2 Qxd2 25. Bxd2 Bf5 26. Nf3 Bxc2 27.
Nd4 Bg6 28. Rac3 Rxc3 29. Bxc3 Rb8 30. Nc6 Rb7 31. Bxf6 gxf6 32. Nb4 Rd7 33.
Rd1 d4 34. f3 d3 35. Kf2 Rd4 36. Nc6 Rd7 37. Nb4 Kf8 38. Ke3 Re7+ 39. Kf2 Re2+
40. Kg3 Rxb2 41. Nxd3 Rc2 42. Nb4 Rc4 43. Nd5 Kg7 44. Nf4 b4 45. Nxg6 Kxg6 46.
Rb1 Kf5 47. Kf2 Ke5 48. Ke3 Kd5 49. Kd3 Rc3+ 50. Kd2 Kc4 51. h3 f5 52. Rb2 f4
53. Rb1 b3 54. Rb2 f6 55. h4 h5 56. Kd1 Rd3+ 57. Kc1 Kc3 58. Re2 Re3 0-1

[Event "Ïåðâåíñòâà Ìîñêâû"]
[Site "ÐœÐ¾Ñ�ÐºÐ²Ð°, ÐœÐ“Ð˜ÐœÐž Ð¿Ñ€."]
[Date "2018.11.18"]
[Round "1.17"]
[White "Ðàñòîâöåâ Ä"]
[Black "Ñîëîæåíêèí Ñ"]
[Result "1/2-1/2"]
[WhiteElo "1321"]
[BlackElo "1533"]
[PlyCount "81"]
[EventDate "2018.11.18"]

1. e4 e6 2. d4 d5 3. Nc3 dxe4 4. Nxe4 Nd7 5. Nf3 Ngf6 6. Bd3 Be7 7. Qe2 O-O 8.
Bg5 Nd5 9. h4 h6 10. Bd2 Nb4 11. Bxb4 Bxb4+ 12. c3 Be7 13. O-O-O c6 14. g4 Qc7
15. Qe3 f5 16. Neg5 hxg5 17. Qxe6+ Rf7 18. Bc4 Qf4+ 19. Nd2 Ne5 20. Qxe5 Qxe5
21. dxe5 gxh4 22. Nf3 g5 23. Rdg1 f4 24. Nd4 b5 25. Bxf7+ Kxf7 26. f3 Bb7 27.
Rf1 Bc5 28. Rd1 Re8 29. Nf5 Bc8 30. Nd6+ Bxd6 31. exd6 Be6 32. Rhe1 Bd5 33.
Rxe8 Kxe8 34. Re1+ Kd7 35. Re5 Bxf3 36. Rxg5 h3 37. Rh5 Bxg4 38. Rh7+ Kxd6 39.
Kd2 a5 40. Rh4 Be6 41. Rxf4 1/2-1/2

[Event "Ïåðâåíñòâà Ìîñêâû"]
[Site "ÐœÐ¾Ñ�ÐºÐ²Ð°, ÐœÐ“Ð˜ÐœÐž Ð¿Ñ€."]
[Date "2018.11.18"]
[Round "1.18"]
[White "Ìàòåâîñÿí Ì "]
[Black "Àðáóçîâ Ò"]
[Result "1/2-1/2"]
[WhiteElo "1499"]
[BlackElo "1789"]
[PlyCount "85"]
[EventDate "2018.11.18"]

1. d4 g6 2. c4 Bg7 3. g3 d6 4. Bg2 Nf6 5. Nf3 O-O 6. O-O Nbd7 7. Nc3 e5 8. e4
c6 9. h3 a5 10. Be3 Qc7 11. Qc2 exd4 12. Nxd4 Re8 13. Rad1 Nc5 14. Ndb5 cxb5
15. Nxb5 Qe7 16. Nxd6 Na6 17. Nxe8 Nxe8 18. a3 Be6 19. Qe2 Rc8 20. Rc1 Nc5 21.
Bxc5 Qxc5 22. Qd2 Qb6 23. Rc2 Rxc4 24. Rxc4 Bxc4 25. Rc1 Be6 26. b4 axb4 27.
axb4 Bf8 28. e5 Be7 29. Qc3 Bxb4 30. Qb2 Qa5 31. Ra1 Qc5 32. Rc1 Ba3 33. Rxc5
Bxb2 34. Bxb7 Bxh3 35. Bc8 Bxc8 36. Rxc8 Kf8 37. f4 h5 38. Kg2 Ke7 39. Kf3 Ng7
40. Rb8 Bc3 41. Rb7+ Ke6 42. Rb6+ Kd7 43. Rb7+ 1/2-1/2

[Event "Ïåðâåíñòâà Ìîñêâû"]
[Site "ÐœÐ¾Ñ�ÐºÐ²Ð°, ÐœÐ“Ð˜ÐœÐž Ð¿Ñ€."]
[Date "2018.11.18"]
[Round "1.19"]
[White "Áàéòóãàíîâ Â"]
[Black "Øèðîêèõ È"]
[Result "1/2-1/2"]
[WhiteElo "1677"]
[BlackElo "1473"]
[PlyCount "68"]
[EventDate "2018.11.18"]

1. e4 e6 2. d4 d5 3. Nc3 dxe4 4. Nxe4 Nd7 5. Nf3 Ngf6 6. Bg5 Be7 7. Nxf6+ Bxf6
8. Bxf6 Qxf6 9. Qd2 O-O 10. O-O-O c5 11. Bb5 cxd4 12. Qxd4 Nb6 13. Qxf6 gxf6
14. Rd6 Nd5 15. c4 a6 16. cxd5 axb5 17. Kb1 Ra6 18. Rxa6 bxa6 19. dxe6 Bxe6 20.
Nd4 Bd7 21. b4 Rc8 22. Rc1 Rxc1+ 23. Kxc1 Kf8 24. Kd2 Ke7 25. Ke3 f5 26. Nc2
Kd6 27. Kd4 Be6 28. a3 h5 29. g3 Bd5 30. Ne3 Be4 31. f4 f6 32. Nd1 Bf3 33. Nc3
Bc6 34. Ne2 Be8 1/2-1/2

[Event "Ïåðâåíñòâà Ìîñêâû"]
[Site "ÐœÐ¾Ñ�ÐºÐ²Ð°, ÐœÐ“Ð˜ÐœÐž Ð¿Ñ€."]
[Date "2018.11.18"]
[Round "1.20"]
[White "Äîðîôååâ Ô"]
[Black "Íàñûðîâ À"]
[Result "1/2-1/2"]
[WhiteElo "1511"]
[BlackElo "1738"]
[PlyCount "86"]
[EventDate "2018.11.18"]

1. d4 f5 2. Nc3 e6 3. e4 fxe4 4. Nxe4 d5 5. Bg5 Be7 6. Bxe7 Qxe7 7. Qh5+ Qf7 8.
Qxf7+ Kxf7 9. Nc5 Nc6 10. Nf3 Nf6 11. Nd3 Rf8 12. Nfe5+ Nxe5 13. Nxe5+ Ke7 14.
f3 Nd7 15. Nxd7 Bxd7 16. Bd3 h6 17. Kd2 a5 18. Rhe1 b6 19. Re5 c5 20. c3 Kd6
21. Ree1 g5 22. h3 Rae8 23. Re5 Rf6 24. Rc1 Rf4 25. Ke3 Rc8 26. Rc2 cxd4+ 27.
cxd4 Rff8 28. Rxc8 Rxc8 29. Kd2 Re8 30. Bg6 Rc8 31. Bd3 Re8 32. Bg6 Rc8 33. Bd3
b5 34. Re1 b4 35. Re5 Rd8 36. Ke3 Rc8 37. Kd2 a4 38. Re1 Rf8 39. Re5 Rf4 40.
Ke3 Rf8 41. Kd2 Re8 42. Bg6 Re7 43. Bd3 Rf7 1/2-1/2

[Event "Ïåðâåíñòâà Ìîñêâû"]
[Site "ÐœÐ¾Ñ�ÐºÐ²Ð°, ÐœÐ“Ð˜ÐœÐž Ð¿Ñ€."]
[Date "2018.11.18"]
[Round "1.21"]
[White "Ôðèäìàí Ð"]
[Black "Äåíèñîâ Ì"]
[Result "1-0"]
[WhiteElo "1705"]
[BlackElo "1394"]
[PlyCount "45"]
[EventDate "2018.11.18"]

1. Nf3 d5 2. e3 e6 3. b3 Nf6 4. Bb2 Be7 5. Be2 O-O 6. O-O Nbd7 7. d3 c5 8. c4
b6 9. Nbd2 Bb7 10. Ne5 Qc7 11. f4 Rad8 12. Ndf3 Bd6 13. Qe1 a6 14. Qg3 Rfe8 15.
Nxd7 Rxd7 16. Bxf6 Bf8 17. Ne5 Rd6 18. Bh5 g6 19. Qg5 Bg7 20. Ng4 dxc4 21. Bxg7
Kxg7 22. Qh6+ Kh8 23. Nf6 1-0

[Event "Ïåðâåíñòâà Ìîñêâû"]
[Site "ÐœÐ¾Ñ�ÐºÐ²Ð°, ÐœÐ“Ð˜ÐœÐž Ð¿Ñ€."]
[Date "2018.11.18"]
[Round "1.22"]
[White "Êîðøóíîâ Ñ "]
[Black "Âîðîíöîâ À"]
[Result "0-1"]
[WhiteElo "1229"]
[BlackElo "1643"]
[PlyCount "47"]
[EventDate "2018.11.18"]

1. d4 d5 2. Bf4 Bf5 3. c4 c6 4. Nc3 Nf6 5. e3 e6 6. Nf3 Nbd7 7. c5 Be7 8. Be2
O-O 9. Nh4 Be4 10. f3 Ne8 11. fxe4 Bxh4+ 12. g3 Bg5 13. e5 f6 14. exf6 Qxf6 15.
O-O Qh6 16. Bg4 Bxf4 17. exf4 Nc7 18. Re1 Rae8 19. Qb3 Nf6 20. Bf3 Rb8 21. Re5
Nd7 22. Re2 e5 23. Nxd5 cxd5 24. Bxd5+ {çàïèñü íå ÿñíà} 0-1

[Event "Ïåðâåíñòâà Ìîñêâû"]
[Site "ÐœÐ¾Ñ�ÐºÐ²Ð°, ÐœÐ“Ð˜ÐœÐž Ð¿Ñ€."]
[Date "2018.11.18"]
[Round "1.23"]
[White "Ñàêîâè÷ Ë"]
[Black "Ùèïèöèí Ì"]
[Result "1-0"]
[WhiteElo "1745"]
[BlackElo "1332"]
[PlyCount "60"]
[EventDate "2018.11.18"]

1. e4 Nf6 2. e5 Nd5 3. d4 d6 4. c4 Nb6 5. exd6 exd6 6. Nc3 Be7 7. Be3 O-O 8.
Rc1 Bf5 9. Bd3 Bxd3 10. Qxd3 Re8 11. Nf3 Nc6 12. b3 Bf6 13. O-O Qd7 14. Bg5
Bxg5 15. Nxg5 g6 16. f4 f5 17. d5 Nd8 18. Qh3 Qg7 19. Rce1 Rxe1 20. Rxe1 Nf7
21. Ne6 Qf6 22. Nxc7 Rc8 23. Ne6 Nd7 24. Qf3 Nc5 25. Nxc5 dxc5 26. Re6 Qd8 27.
Qe3 Kf8 28. Nd1 Qd7 29. Nf2 Rd8 30. Qxc5+ Kg8 1-0

[Event "Ïåðâåíñòâà Ìîñêâû"]
[Site "ÐœÐ¾Ñ�ÐºÐ²Ð°, ÐœÐ“Ð˜ÐœÐž Ð¿Ñ€."]
[Date "2018.11.18"]
[Round "1.24"]
[White "Äàðâèäÿí Â"]
[Black "Ðóñòàìîâ Ñ"]
[Result "1-0"]
[WhiteElo "1309"]
[BlackElo "1638"]
[PlyCount "55"]
[EventDate "2018.11.18"]

1. e4 c5 2. Nf3 Nc6 3. d4 cxd4 4. Nxd4 Qb6 5. Nb3 Nf6 6. Nc3 e6 7. Qe2 Bb4 8.
Bd2 O-O 9. a3 Be7 10. O-O-O a6 11. g3 Qc7 12. Bg2 b5 13. f4 b4 14. axb4 Nxb4
15. e5 Nfd5 16. Bxd5 exd5 17. Be3 a5 18. Nd4 a4 19. Ncb5 Qa5 20. Nf5 Bd8 21.
Na3 g6 22. Nd6 Be7 23. Qb5 Bxd6 24. Qxa5 Rxa5 25. exd6 Bb7 26. Bd2 Nc6 27. Bxa5
Nxa5 28. Rhe1 1-0

[Event "Ïåðâåíñòâà Ìîñêâû"]
[Site "ÐœÐ¾Ñ�ÐºÐ²Ð°, ÐœÐ“Ð˜ÐœÐž Ð¿Ñ€."]
[Date "2018.11.18"]
[Round "1.25"]
[White "Êóøíàðåíêî Å"]
[Black "Ëèñòîâ Ò"]
[Result "0-1"]
[WhiteElo "1722"]
[BlackElo "1243"]
[PlyCount "38"]
[EventDate "2018.11.18"]

1. e4 e5 2. Nf3 Nc6 3. Bb5 d6 4. c3 a6 5. Bxc6+ bxc6 6. O-O Be7 7. d4 exd4 8.
Nxd4 Bb7 9. Re1 Nf6 10. Nf5 O-O 11. Qf3 Bc8 12. Nxe7+ Qxe7 13. Bg5 h6 14. Bxf6
Qxf6 15. Qxf6 gxf6 16. Nd2 Rb8 17. b3 Bd7 18. Rad1 Rfe8 19. Nf3 Rb5 {
çàïèñü íå ÿñíà} 0-1

[Event "Ïåðâåíñòâî Ìîñêâû "]
[Site "ÐœÐ¾Ñ�ÐºÐ²Ð°, ÐœÐ“Ð˜ÐœÐž Ð¿Ñ€."]
[Date "2018.11.19"]
[Round "2.1"]
[White "Òèìîôååâ Ë"]
[Black "Âàñèëüåâ À"]
[Result "1/2-1/2"]
[WhiteElo "1802"]
[BlackElo "1995"]
[PlyCount "96"]
[EventDate "2018.11.18"]

1. e4 c5 2. Nf3 e6 3. d4 cxd4 4. Nxd4 Nc6 5. Nc3 Qc7 6. Be2 a6 7. O-O Nf6 8.
Nxc6 bxc6 9. Be3 e5 10. f3 Be7 11. Na4 Rb8 12. c4 d6 13. Rc1 O-O 14. Qc2 a5 15.
Rfd1 Be6 16. Bf1 Nd7 17. b3 Nf6 18. Qf2 Bd8 19. Kh1 Kh8 20. Rxd6 Be7 21. Rd3
Nd7 22. Nc5 Nxc5 23. Bxc5 f5 24. Bxe7 Qxe7 25. Qe3 fxe4 26. fxe4 a4 27. Be2
axb3 28. axb3 c5 29. Rcd1 Rb6 30. Bf3 h6 31. h3 Kh7 32. Qf2 Rf4 33. Kh2 Ra6 34.
Qb2 Qg5 35. Qf2 Bf7 36. Qg3 Qf6 37. Qf2 Bh5 38. Rf1 Qe7 39. Qe2 Rff6 40. Qd1
Rf8 41. g3 Rf7 42. g4 Bg6 43. Qe2 Qg5 44. Qe3 Qe7 45. Rdd1 Qb7 46. Kg1 Qe7 47.
Bg2 Rf4 48. Qd3 Qh4 1/2-1/2

[Event "Ïåðâåíñòâî Ìîñêâû"]
[Site "ÐœÐ¾Ñ�ÐºÐ²Ð°, ÐœÐ“Ð˜ÐœÐž Ð¿Ñ€."]
[Date "2018.11.19"]
[Round "2.2"]
[White "Ìèøóðèñ Ì"]
[Black "Çàãîðñêèé À"]
[Result "1-0"]
[WhiteElo "1997"]
[BlackElo "1746"]
[PlyCount "93"]
[EventDate "2018.11.18"]

1. d4 Nf6 2. Nf3 g6 3. Bf4 Bg7 4. h3 O-O 5. e3 d6 6. Be2 Nfd7 7. Bh2 e5 8. Nbd2
Qe7 9. O-O e4 10. Ne1 f5 11. c4 c5 12. Nb3 Rd8 13. Nc2 Nc6 14. f4 a5 15. a4 Qf6
16. Bg3 Nf8 17. Be1 Nb4 18. Bc3 Qh4 19. Be1 Qf6 20. Bc3 Qh4 21. Kh2 Be6 22. Na3
Bf7 23. Nb5 Qe7 24. Rg1 h5 25. g3 Nd7 26. d5 Nb6 27. Qd2 Be8 28. Bxb4 axb4 29.
a5 Nc8 30. Ra2 Ra6 31. Qe1 Bd7 32. Rg2 Na7 33. Nc7 Ba4 34. Rxa4 Qxc7 35. g4
hxg4 36. hxg4 Qf7 37. gxf5 Qxf5 38. Bg4 Qf6 39. Be6+ Kf8 40. Qg3 Ke7 41. Qxg6
Qxg6 42. Rxg6 Bxb2 43. Bh3 Kf7 44. Rh6 Nc8 45. Ra2 Bf6 46. Rh7+ Bg7 47. Rg2 1-0

[Event "Ïåðâåíñòâî Ìîñêâû"]
[Site "ÐœÐ¾Ñ�ÐºÐ²Ð°, ÐœÐ“Ð˜ÐœÐž Ð¿Ñ€."]
[Date "2018.11.19"]
[Round "2.3"]
[White "Êóðóñü À"]
[Black "Ëåâêèí Ë"]
[Result "1-0"]
[WhiteElo "1800"]
[BlackElo "1952"]
[PlyCount "63"]
[EventDate "2018.11.18"]

1. Nf3 Nf6 2. d4 c5 3. c3 e6 4. Bg5 d5 5. e3 Be7 6. Nbd2 O-O 7. Bd3 h6 8. Bh4
Nc6 9. O-O Nh5 10. Bxe7 Qxe7 11. Ne5 Nf6 12. f4 Rb8 13. Rc1 Qd6 14. Bb1 b5 15.
Qc2 Bb7 16. g4 Ne7 17. Rce1 Rbc8 18. dxc5 Rxc5 19. Nb3 Rc7 20. Nd4 a6 21. Qg2
Ne4 22. Rd1 Nc5 23. g5 hxg5 24. Qxg5 f6 25. Qh5 f5 26. Rf3 Rf6 27. Rh3 Kf8 28.
Ndf3 Nd7 29. Ng5 Nxe5 30. Nh7+ Kg8 31. Nxf6+ gxf6 32. Qh8+ 1-0